Memoria : año 1939 : año de la Victoria / Servicio de Investigaciones Arqueológicas de la Diputación Provincial de Barcelona año 1939 :
Descripción Física:
14 p., [12] p. de làm. ; 25'5 cm
MARC
| LEADER | 00000nam a2200000Ia 4500 | ||
|---|---|---|---|
| 001 | 11433 | ||
| 008 | 160829s1940 xx 000 0 cat d | ||
| 080 | |a FU-15-23 | ||
| 110 | 1 | |9 54957 |a Barcelona (Catalunya : Província). |b Servicio de Investigaciones Arqueológicas | |
| 245 | |a Memoria : |b año 1939 : |b año de la Victoria / Servicio de Investigaciones Arqueológicas de la Diputación Provincial de Barcelona | ||
| 260 | |a Barcelona : |b (Imp. Casa de Caritat), |c 1940 | ||
| 300 | |a 14 p., [12] p. de làm. ; |c 25'5 cm | ||
| 650 | |a Barcelona. Diputació. Servicio de Investigaciones Arqueológicas |x Memòries |9 38667 | ||
| 856 | 4 | |u https://media.diba.cat/diba/fitxers/arxiu/fulletons/bib_11433_1939_baixa.pdf |y Accés lliure | |
| 856 | 4 | |u https://media.diba.cat/diba/fitxers/arxiu/fulletons/bib_11433_1939_baixa.pdf |y Accés lliure | |
| 900 | |a bib_11433_1939_baixa.pdf | ||
| 901 | |a Arxiu | ||
| 942 | |n 1 |2 udc | ||
| 952 | |0 0 |1 0 |4 0 |6 FU1523 |7 1 |9 48521 |a Arxiu |b Arxiu |d 2016-12-01 |l 0 |o FU-15-23 |p 11433 |r 2016-12-01 00:00:00 |w 2016-12-01 |y ARXIU | ||
| 999 | |c 52350 |d 52350 | ||